Villes de Corée du Sud - Mort subite - Statistiques

Statistiques générales
  • Ce quiz a été pris 103 fois
  • Le résultat moyen est 6 sur 10
Answers on the Grid
Answers color-coded by a green-red scale on the quiz's grid according to % correct below.
Busan
Séoul
Incheon
Daegu
Daejeon
Ulsan
Suwon
Gwangju
Pyeongchang
Changwon
Yokohama
Pyongyang
Kobe
Osaka
Lahore
Bangalore
Hangzhou
Canton
Pékin
Tŏkch'ŏn
Blagovechtchensk
Minsk
Gangnam
Bong Joon-ho
 
Statistiques - réponses
Réponse % Correct
Séoul
85%
Daegu
72%
Busan
69%
Daejeon
69%
Incheon
69%
Gwangju
54%
Suwon
51%
Changwon
43%
Ulsan
43%
Pyeongchang
39%
Aucun quiz correspondant
Distribution des résultats
% des personnes avec chaque résultat
Percentile par nombre de réponses
Votre historique - résultats
Vous n’avez pas pris ce quiz